000 00556nam a2200193Ia 4500
003 GCL
008 140319s9999 xx 000 0 ara d
040 _aGCL /
_cGCL
082 0 4 _a398.21
_bب ك
100 1 _aعبدالله بن المقفع
245 1 0 _aكليلة ودمنة (هدية من الاديب عبدالفتاح الجمل) /
_cعبدالله بن المقفع
700 1 _aبيدبا
300 _a321 ص
490 _a
650 0 4 _aالادب
650 0 4 _aالاساطير
650 0 4 _aالادب الهندى
942 _2ddc
_cBK
999 _c39651
_d39651